All Pokémon in the Ditto and Undiscovered egg groups - Statistics

General Stats
  • This quiz has been taken 16 times
  • The average score is 130 of 155
Answer Stats
Generation Pokémon % Correct
I Articuno
100%
II Celebi
100%
I Ditto
100%
II Entei
100%
II Ho-Oh
100%
II Lugia
100%
I Mew
100%
I Mewtwo
100%
I Moltres
100%
II Raikou
100%
II Suicune
100%
I Zapdos
100%
IV Arceus
92%
IV Bonsly
92%
IX Chien-Pao
92%
IX Chi-Yu
92%
V Cobalion
92%
III Deoxys
92%
IV Dialga
92%
VIII Eternatus
92%
IX Fezandipiti
92%
IV Giratina
92%
III Groudon
92%
IX Iron Boulder
92%
IX Iron Crown
92%
IX Iron Leaves
92%
IX Iron Moth
92%
IX Iron Valiant
92%
III Jirachi
92%
IX Koraidon
92%
III Kyogre
92%
III Latias
92%
III Latios
92%
IX Miraidon
92%
IX Munkidori
92%
IX Ogerpon
92%
IX Okidogi
92%
IV Palkia
92%
IX Pecharunt
92%
IX Raging Bolt
92%
III Rayquaza
92%
V Reshiram
92%
IX Roaring Moon
92%
IV Shaymin
92%
V Terrakion
92%
IX Ting-Lu
92%
II Togepi
92%
V Virizion
92%
IX Walking Wake
92%
IX Wo-Chien
92%
VIII Zacian
92%
VIII Zamazenta
92%
VIII Zarude
92%
V Zekrom
92%
IV Azelf
83%
VII Blacephalon
83%
IX Brute Bonnet
83%
VII Buzzwole
83%
VII Celesteela
83%
IV Chingling
83%
II Cleffa
83%
VII Cosmoem
83%
VII Cosmog
83%
IV Cresselia
83%
IV Darkrai
83%
VI Diancie
83%
II Elekid
83%
VIII Enamorus
83%
IX Flutter Mane
83%
V Genesect
83%
VIII Glastrier
83%
IX Gouging Fire
83%
IX Great Tusk
83%
VII Guzzlord
83%
IV Heatran
83%
II Igglybuff
83%
IX Iron Bundle
83%
IX Iron Thorns
83%
IX Iron treads
83%
VII Kartana
83%
V Keldeo
83%
V Kyurem
83%
V Landorus
83%
VII Lunala
83%
II Magby
83%
VII Magearna
83%
VII Marshadow
83%
VII Melmetal
83%
V Meloetta
83%
VII Meltan
83%
IV Mime Jr.
83%
VII Naganadel
83%
VII Necrozma
83%
VII Nihilego
83%
VII Pheromosa
83%
II Pichu
83%
VII Poipole
83%
III Regice
83%
VIII Regidrago
83%
VIII Regieleki
83%
III Regirock
83%
III Registeel
83%
IV Riolu
83%
IX Scream Tail
83%
VII Silvally
83%
IX Slither Wing
83%
II Smoochum
83%
VII Solgaleo
83%
VIII Spectrier
83%
VII Stakataka
83%
VII Tapu Bulu
83%
VII Tapu Fini
83%
VII Tapu Koko
83%
VII Tapu Lele
83%
IX Terapagos
83%
V Thundurus
83%
V Tornadus
83%
VII Type: Null
83%
IV Uxie
83%
V Victini
83%
VI Xerneas
83%
VII Xurkitree
83%
VI Yveltal
83%
VII Zeraora
83%
VI Zygarde
83%
III Azurill
75%
IV Budew
75%
VIII Calyrex
75%
IX Gholdengo
75%
IX Gimmighoul
75%
VI Hoopa
75%
IX Iron Hands
75%
IX Iron Jugulis
75%
VIII Kubfu
75%
IV Mesprit
75%
IV Munchlax
75%
VIII Urshifu
75%
VI Volcanion
75%
VIII Arctovish
67%
VIII Arctozolt
67%
VIII Dracovish
67%
VIII Dracozolt
67%
IV Happiny
67%
IV Mantyke
67%
I Nidoqueen
67%
I Nidorina
67%
IV Regigigas
67%
IX Sandy Shocks
67%
II Tyrogue
67%
II Unown
67%
III Wynaut
67%
VIII Toxel
58%
VI Ash-Greninja
42%
I Cap Pikachu
42%
I Cosplay Pikachu
42%
No matching quizzes found
Score Distribution
Percent of People with Each Score
Percentile by Number Answered
Your Score History
You have not taken this quiz